[Event "I Open Olimpico A"]
[Site "Torino ITA"]
[Date "2005.12.07"]
[Round "6"]
[White "Spatola, Davide"]
[Black "Vozza, Nicola"]
[Result "1-0"]
[WhiteElo "2102"]
[BlackElo "1994"]
[PlyCount "73"]
[EventDate "2005.12.03"]

1.d4 e6 2.Nf3 f5 3.Bg5 Nf6 4.e3 Be7 5.Bd3 b6 6.Nbd2 Bb7 7.c3 Ne4 8.Bxe7 
Qxe7 9.Qc2 Nxd2 10.Qxd2 d6 11.h4 Nd7 12.O-O-O O-O-O 13.Ne1 Rhf8 14.Qc2 Kb8
15.f3 c5 16.Qa4 cxd4 17.exd4 e5 18.Nc2 e4 19.Rde1 Qf6 20.Bb5 Qh6+ 21.Kb1 
Nf6 22.c4 Rf7 23.Re3 exf3 24.gxf3 Qf4 25.d5 a6 26.Bc6 b5 27.Qa5 Rc8 28.
Rhe1 Rcc7 29.Qb6 Qxc4 30.Rc3 Qf4 31.Nd4 Qxh4 32.Rec1 Nd7 33.Bxd7 Rxc3 34.
Rxc3 Rxd7 35.Nc6+ Kc8 36.Ne5+ Kb8 37.Nxd7+ 1-0

[Event "I Open Olimpico A"]
[Site "Torino ITA"]
[Date "2005.12.08"]
[Round "7"]
[White "Bjarnason, Oskar"]
[Black "Faraoni, Enrico"]
[Result "1/2-1/2"]
[WhiteElo "2258"]
[BlackElo "2157"]
[PlyCount "52"]
[EventDate "2005.12.03"]

1.e4 e6 2.Nc3 d5 3.Nf3 Nf6 4.e5 Nfd7 5.d4 Bb4 6.a3 Bxc3+ 7.bxc3 c5 8.h4 
Nc6 9.h5 h6 10.Rh4 Qe7 11.a4 b6 12.Bb5 Bb7 13.Rg4 O-O-O 14.Rxg7 Rdg8 15.
Rxg8+ Rxg8 16.g3 f6 17.Qe2 Rg4 18.Bxc6 Bxc6 19.Bf4 cxd4 20.Nxd4 Qc5 21.
Qxg4 Qxc3+ 22.Ke2 Qxd4 23.Qxe6 Qc4+ 24.Kd2 Qd4+ 25.Ke2 Qc4+ 26.Kd2 Qd4+ 
1/2-1/2

[Event "I Open Olimpico A"]
[Site "Torino ITA"]
[Date "2005.12.08"]
[Round "7"]
[White "Castaldo, Folco"]
[Black "Pulito, Alberto"]
[Result "1/2-1/2"]
[WhiteElo "2363"]
[BlackElo "2222"]
[PlyCount "36"]
[EventDate "2005.12.03"]

1.e4 e6 2.d4 d5 3.Nd2 Nf6 4.e5 Nfd7 5.Bd3 c5 6.c3 Nc6 7.Ne2 cxd4 8.cxd4 f6
9.exf6 Qxf6 10.Nf3 h6 11.O-O Bd6 12.Ng3 O-O 13.Bc2 Rd8 14.Re1 Nf8 15.Ne5 
Bd7 16.f4 Be8 17.Be3 Rac8 18.Rc1 Na5 1/2-1/2

[Event "I Open Olimpico A"]
[Site "Torino ITA"]
[Date "2005.12.08"]
[Round "7"]
[White "Ferretti, Carlo"]
[Black "Gallucci, Alessio"]
[Result "0-1"]
[WhiteElo "2030"]
[BlackElo "1742"]
[PlyCount "44"]
[EventDate "2005.12.03"]

1.d4 c5 2.e3 g6 3.c3 Bg7 4.Nf3 d5 5.Bd3 c4 6.Bc2 Nf6 7.Nbd2 Nc6 8.O-O Bg4 
9.h3 h5 10.e4 e5 11.hxg4 hxg4 12.Nxe5 Nxe5 13.dxe5 Qc7 14.exd5 O-O-O 15.d6
Qc5 16.Nxc4 Rh7 17.d7+ Nxd7 18.Qxg4 Rdh8 19.g3 Rh1+ 20.Kg2 R8h2+ 21.Kf3 
Rxf1 22.Be3 Rfxf2+ 0-1

[Event "I Open Olimpico A"]
[Site "Torino ITA"]
[Date "2005.12.08"]
[Round "7"]
[White "Finocchiaro, Gianluca"]
[Black "Ranieri, Fabrizio"]
[Result "0-1"]
[WhiteElo "1834"]
[BlackElo "2247"]
[PlyCount "70"]
[EventDate "2005.12.03"]

1.e4 e6 2.d4 d5 3.exd5 exd5 4.c4 Nc6 5.Nf3 Bg4 6.cxd5 Qxd5 7.Be2 O-O-O 8.
Nc3 Qh5 9.Be3 Nf6 10.h3 Bd6 11.Ng5 Bxe2 12.Qxe2 Qg6 13.O-O Rhe8 14.Nf3 Nh5
15.Nh4 Nf4 16.Bxf4 Rxe2 17.Nxg6 Rxb2 18.Ne5 Nxd4 19.Nxf7 Bxf4 20.Nxd8 Kxd8
21.Rad1 Be5 22.Rfe1 Bf6 23.Ne2 c5 24.Nxd4 Bxd4 25.Re5 Kc7 26.Re7+ Kc6 27.
Re6+ Kd7 28.Re5 Kd6 29.Rf5 Rxa2 30.Rf7 Kc6 31.Rf8 b5 32.Rc8+ Kb7 33.Rf8 
Kb6 34.Rb8+ Ka5 35.Rb1 a6 0-1

[Event "I Open Olimpico A"]
[Site "Torino ITA"]
[Date "2005.12.08"]
[Round "7"]
[White "Giacometto, Mario"]
[Black "Giusiano, Marco"]
[Result "1-0"]
[WhiteElo "1992"]
[BlackElo "2038"]
[PlyCount "52"]
[EventDate "2005.12.03"]

1.e4 c5 2.Nf3 d6 3.d4 cxd4 4.Nxd4 a6 5.Nc3 e6 6.Be3 Nf6 7.f3 b5 8.Qd2 Bb7 
9.g4 h6 10.h4 b4 11.Nce2 Qc7 12.Bh3 Nfd7 13.g5 hxg5 14.hxg5 g6 15.O-O-O 
Ne5 16.b3 Qa5 17.Kb1 Nbc6 18.Bxe6 Rxh1 19.Rxh1 fxe6 20.Nxe6 Bc8 21.Nxf8 
Kxf8 22.Qxd6+ Kg8 23.Qf6 Nf7 24.Qxc6 Rb8 25.Qe8+ Kg7 26.Bd4+ Ne5 1-0

[Event "I Open Olimpico A"]
[Site "Torino ITA"]
[Date "2005.12.08"]
[Round "7"]
[White "Martin, Tiziano"]
[Black "Pepino, Enrico"]
[Result "0-1"]
[WhiteElo "2002"]
[BlackElo "2149"]
[PlyCount "32"]
[EventDate "2005.12.03"]

1.e4 c5 2.Nc3 g6 3.g3 Bg7 4.Bg2 Nc6 5.d3 e6 6.Be3 b6 7.Nge2 Nge7 8.O-O O-O
9.d4 cxd4 10.Nxd4 Bb7 11.Ndb5 d5 12.exd5 exd5 13.Nxd5 Nxd5 14.Bxd5 Bxb2 
15.Rb1 Bg7 16.Qf3 Ne5 0-1

[Event "I Open Olimpico A"]
[Site "Torino ITA"]
[Date "2005.12.08"]
[Round "7"]
[White "Ragni, Paolo"]
[Black "Catana, Costel"]
[Result "1-0"]
[WhiteElo "2159"]
[BlackElo "2095"]
[PlyCount "53"]
[EventDate "2005.12.03"]

1.e4 c5 2.Nc3 d6 3.g3 g6 4.Bg2 Bg7 5.d3 Nc6 6.f4 Nf6 7.Nge2 Nd4 8.h3 e5 9.
fxe5 Nh5 10.O-O Nxe2+ 11.Nxe2 Bxe5 12.Qe1 Be6 13.g4 Qd7 14.Qh4 Ng7 15.c3 
d5 16.d4 cxd4 17.cxd4 Bc7 18.e5 O-O 19.Bg5 Bb6 20.Rad1 Rac8 21.Nc3 Rc4 22.
Rf4 Qc7 23.Bf6 Rb4 24.Qh6 Ne8 25.g5 Rxd4 26.Rdxd4 Qc4 27.Qxh7+ 1-0

[Event "I Open Olimpico A"]
[Site "Torino ITA"]
[Date "2005.12.08"]
[Round "7"]
[White "Roversi, Stefano"]
[Black "Berutti, Mario"]
[Result "1-0"]
[WhiteElo "1866"]
[BlackElo "1862"]
[PlyCount "67"]
[EventDate "2005.12.03"]

1.e4 e5 2.Nf3 Nf6 3.Nxe5 d6 4.Nf3 Nxe4 5.d4 d5 6.Bd3 Bd6 7.O-O O-O 8.c4 c6
9.cxd5 cxd5 10.Nc3 Nxc3 11.bxc3 Bg4 12.h3 Bh5 13.g4 Bg6 14.Bg5 Qd7 15.Bxg6
hxg6 16.Ne5 Qc7 17.Qb3 Bxe5 18.dxe5 Qxe5 19.Qxb7 Qxg5 20.Qxa8 Nd7 21.Qxa7 
Ne5 22.f4 Qh4 23.Qf2 Qxh3 24.fxe5 Qxg4+ 25.Qg2 Qe6 26.Rfe1 Rc8 27.Re3 Qb6 
28.Qf2 d4 29.Rf3 g5 30.Rxf7 Qg6 31.Rf1 dxc3 32.Rf8+ Rxf8 33.Qxf8+ Kh7 34.
Qf5 1-0

[Event "I Open Olimpico A"]
[Site "Torino ITA"]
[Date "2005.12.08"]
[Round "7"]
[White "Sellitti, Federico"]
[Black "Astengo, Marcello"]
[Result "1-0"]
[WhiteElo "2143"]
[BlackElo "2077"]
[PlyCount "55"]
[EventDate "2005.12.03"]

1.e4 e6 2.d4 d5 3.Nd2 c5 4.exd5 exd5 5.Ngf3 Nc6 6.Bb5 Bd6 7.O-O Ne7 8.dxc5
Bxc5 9.Nb3 Bd6 10.c3 O-O 11.Nbd4 Bg4 12.Be2 a6 13.Be3 Qc7 14.h3 Bh5 15.Qd2
Rad8 16.Nh4 Bxe2 17.Qxe2 Qd7 18.Rad1 Bb8 19.f4 Rfe8 20.Qf2 Nc8 21.Ndf5 Re4
22.Qg3 g6 23.Qg5 N8e7 24.Nh6+ Kg7 25.Ng4 Ng8 26.f5 Qe7 27.f6+ Nxf6 28.Nf5+
1-0

[Event "I Open Olimpico A"]
[Site "Torino ITA"]
[Date "2005.12.08"]
[Round "7"]
[White "Sola, Giuseppe"]
[Black "Boetto, Massimo"]
[Result "1-0"]
[WhiteElo "1902"]
[BlackElo "2000"]
[PlyCount "71"]
[EventDate "2005.12.03"]

1.e4 e6 2.d4 d5 3.Nc3 dxe4 4.Nxe4 Nf6 5.Nxf6+ Qxf6 6.Nf3 Nd7 7.Bg5 Qf5 8.
Bd3 Qa5+ 9.Bd2 Qb6 10.b3 c5 11.Bc3 cxd4 12.Bxd4 Bc5 13.Bxc5 Qxc5 14.O-O 
O-O 15.Qd2 Nf6 16.Rfe1 b6 17.b4 Qc7 18.Re5 Bb7 19.Rae1 Bxf3 20.gxf3 Rfd8 
21.Qg5 Qc3 22.R1e3 Qxb4 23.f4 h6 24.Qh4 Rd4 25.Rg3 Rxf4 26.Qxh6 Ng4 27.
Qh7+ Kf8 28.Re2 Rd8 29.h3 Nf6 30.Qxg7+ Ke7 31.Qg5 Rd5 32.Re5 Qd4 33.Rxd5 
Qxf2+ 34.Kh1 exd5 35.Qe5+ Kd7 36.Bb5+ 1-0

[Event "I Open Olimpico A"]
[Site "Torino ITA"]
[Date "2005.12.08"]
[Round "7"]
[White "Spatola, Davide"]
[Black "Fuggetta, Leonardo"]
[Result "1/2-1/2"]
[WhiteElo "2102"]
[BlackElo "2068"]
[PlyCount "71"]
[EventDate "2005.12.03"]

1.d4 d6 2.Nf3 Bg4 3.Bg5 Nd7 4.Nbd2 Ngf6 5.c3 c6 6.Qc2 Qc7 7.e4 e5 8.h3 Be6
9.Be2 Be7 10.Be3 O-O 11.Ng5 d5 12.Nxe6 fxe6 13.O-O exd4 14.cxd4 e5 15.exd5
Nxd5 16.Bc4 Nb6 17.Bd3 Nxe3 18.Bxh7+ Kh8 19.fxe3 Nd5 20.Nc4 exd4 21.exd4 
Bf6 22.Rf5 Bxd4+ 23.Kh1 Rxf5 24.Bxf5 Qg3 25.Qe4 Ne3 26.Nxe3 Bxe3 27.Rf1 
Rd8 28.Bg6 Qg5 29.Re1 Bc5 30.Qe8+ Bf8 31.Qf7 Qg3 32.Qe6 Bd6 33.Qe8+ Bf8 
34.Qxd8 Qxe1+ 35.Kh2 Qe5+ 36.Kg1 1/2-1/2

[Event "I Open Olimpico A"]
[Site "Torino ITA"]
[Date "2005.12.08"]
[Round "7"]
[White "Vozza, Nicola"]
[Black "Forno, Roberto"]
[Result "0-1"]
[WhiteElo "1994"]
[BlackElo "2026"]
[PlyCount "39"]
[EventDate "2005.12.03"]

1.e4 e5 2.Nf3 d6 3.d4 Nd7 4.Bc4 Be7 5.Nc3 Ngf6 6.Bxf7+ Kxf7 7.Ng5+ Kg8 8.
Ne6 Qe8 9.Nxc7 Qg6 10.O-O Rb8 11.f4 Bd8 12.f5 Qg4 13.N7d5 b5 14.Nb4 exd4 
15.Ne2 Bb6 16.Kh1 Nxe4 17.Rf4 Qxf4 18.Nxf4 Nf2+ 19.Kg1 Nxd1 20.Nfd5 0-1

[Event "XIII Weekend Citta' di Firenze A"]
[Site "Firenze ITA"]
[Date "2005.12.03"]
[Round "1"]
[White "Burbi, Marco"]
[Black "Bracali, Andrea"]
[Result "1/2-1/2"]
[WhiteElo "1808"]
[BlackElo "2111"]
[PlyCount "52"]
[EventDate "2005.12.03"]

1. e4 c6 2. d4 d5 3. Nc3 dxe4 4. Bc4 Nf6 5. f3 exf3 6. Nxf3 Bf5 7. O-O e6 8.
Qe2 Be7 9. Bb3 O-O 10. Bg5 h6 11. Bh4 Nbd7 12. Nd1 c5 13. Ne3 Bh7 14. c3 cxd4
15. cxd4 Nb6 16. Rad1 Nbd5 17. Nxd5 exd5 18. Ne5 Be4 19. Qb5 Qb6 20. Qxb6 axb6
21. Bxf6 Bxf6 22. Nd7 Bg5 23. Nxf8 Kxf8 24. Rfe1 Rc8 25. Re2 f5 26. Kf2 h5
1/2-1/2

[Event "XIII Weekend Citta' di Firenze A"]
[Site "Firenze ITA"]
[Date "2005.12.03"]
[Round "1"]
[White "Gazzarri, Alberto"]
[Black "Bini, Alessandro"]
[Result "1-0"]
[WhiteElo "2158"]
[BlackElo "1826"]
[PlyCount "91"]
[EventDate "2005.12.03"]

1. e4 Nc6 2. d4 d6 3. Nc3 g6 4. Be3 Nf6 5. h3 Bg7 6. Be2 h5 7. f4 a6 8. Nf3 d5
9. e5 Ng8 10. Bf2 Nh6 11. Qd2 e6 12. Bh4 Ne7 13. O-O-O b5 14. Rdg1 c6 15. g4
hxg4 16. hxg4 Qa5 17. Kb1 Bd7 18. Bf6 Bxf6 19. exf6 Nc8 20. g5 Nd6 21. Rxh6
O-O-O 22. Rgh1 Rxh6 23. gxh6 Rh8 24. h7 Qd8 25. Qe3 Nf5 26. Qe5 Be8 27. Nd2 Qd6
28. Nb3 Qxe5 29. fxe5 Kb7 30. Rh3 Kb6 31. Nd1 a5 32. c3 Bd7 33. Nc5 Bc8 34. Nf2
Kc7 35. Nfd3 Kd8 36. Ne1 Ke8 37. Nf3 b4 38. Ng5 Kf8 39. a3 Ke8 40. Nb3 bxc3 41.
bxc3 Bd7 42. Nc5 Bc8 43. Kb2 Kf8 44. Kb3 Ng7 45. fxg7+ Kxg7 46. Rf3 1-0

[Event "XIII Weekend Citta' di Firenze A"]
[Site "Firenze ITA"]
[Date "2005.12.03"]
[Round "1"]
[White "Mattei, Marco"]
[Black "Garofalo, Simone"]
[Result "1/2-1/2"]
[WhiteElo "2101"]
[BlackElo "1808"]
[PlyCount "103"]
[EventDate "2005.12.03"]

1. d4 Nf6 2. c4 g6 3. Nc3 Bg7 4. e4 d6 5. f3 O-O 6. Be3 Nc6 7. Nge2 a6 8. Qd2
Re8 9. h4 h5 10. O-O-O Rb8 11. Kb1 b5 12. cxb5 axb5 13. d5 b4 14. dxc6 bxc3 15.
Nxc3 Be6 16. Bd4 Rb4 17. Bc5 Rb8 18. Bd4 Rb4 19. Bc5 Rb8 20. Ba7 Ra8 21. Bd4
Qb8 22. Be2 Qb4 23. Bxf6 exf6 24. Nd5 Qxd2 25. Rxd2 Bxd5 26. exd5 Bh6 27. Rc2
Bf4 28. a3 Re3 29. Ka2 Kf8 30. Bc4 Rae8 31. a4 Bg3 32. a5 Be1 33. a6 Bb4 34.
Rd1 Bc5 35. Rd3 Rxd3 36. Bxd3 Re1 37. Re2 Rxe2 38. Bxe2 Ke8 39. g4 hxg4 40.
fxg4 Kf8 41. h5 gxh5 42. gxh5 Kg7 43. Kb3 f5 44. Kc4 Kf6 45. Bf3 Kg5 46. Kd3
Bg1 47. Ke2 Bc5 48. Kf1 Ba7 49. b4 Bb6 50. b5 Ba7 51. Kg2 Bb6 52. Bd1 1/2-1/2

[Event "XIII Weekend Citta' di Firenze A"]
[Site "Firenze ITA"]
[Date "2005.12.03"]
[Round "1"]
[White "Moncada, Cesar"]
[Black "Tocchioni, Doriano"]
[Result "0-1"]
[WhiteElo "1882"]
[BlackElo "2257"]
[PlyCount "98"]
[EventDate "2005.12.03"]

1. d4 d5 2. Nf3 c6 3. Nc3 Nf6 4. g3 Bg4 5. Bg2 Nbd7 6. O-O e6 7. h3 Bf5 8. Nh4
Bd6 9. Qe1 Bxc2 10. e4 dxe4 11. Nxe4 Bxe4 12. Bxe4 Nxe4 13. Qxe4 Nf6 14. Qe2
O-O 15. Bg5 h6 16. Be3 Qa5 17. Ng2 Qf5 18. Kh2 Rad8 19. Rad1 Rd7 20. Nh4 Qe4
21. Nf3 Rfd8 22. Ne5 Bxe5 23. dxe5 Qxe5 24. Rxd7 Rxd7 25. Rd1 Rd5 26. Qc2 b6
27. Qxc6 Rxd1 28. Qc8+ Ne8 29. Qxe8+ Kh7 30. Qxf7 Qe4 31. g4 Rh1+ 32. Kg3 Rg1+
33. Kh4 Qe5 34. Bd2 Qf6+ 35. Qxf6 gxf6 36. Kh5 Rb1 37. Bc3 e5 38. Kh4 Rg1 39.
f3 Rg2 40. a3 Kg6 41. a4 a5 42. b4 Rc2 43. Be1 axb4 44. Bxb4 Rc4 45. Bd2 Rxa4
46. Kg3 b5 47. h4 b4 48. Kf2 b3 49. h5+ Kh7 0-1

[Event "XIII Weekend Citta' di Firenze A"]
[Site "Firenze ITA"]
[Date "2005.12.03"]
[Round "1"]
[White "Nones, Giorgio"]
[Black "Bighiu, Gheorghe"]
[Result "1/2-1/2"]
[WhiteElo "1790"]
[BlackElo "2082"]
[PlyCount "95"]
[EventDate "2005.12.03"]

1. e4 e5 2. Nf3 Nf6 3. Nc3 Nc6 4. d3 d5 5. exd5 Nxd5 6. Nxd5 Qxd5 7. Be2 Bc5 8.
O-O O-O 9. Be3 Bxe3 10. fxe3 e4 11. c4 Qc5 12. d4 Qe7 13. Ne1 f5 14. Nc2 Nb4
15. a3 Nxc2 16. Qxc2 a5 17. c5 Be6 18. b4 Qg5 19. Qc3 Kh8 20. b5 Rf6 21. Rae1
Raf8 22. Rf4 Rg6 23. Bf1 b6 24. c6 Rh6 25. Be2 Qe7 26. Rf2 Qd6 27. g3 Bd5 28.
Ref1 Rhf6 29. Qc1 g5 30. a4 Bb3 31. Bc4 Qb4 32. Bxb3 Qxb3 33. d5 Qxd5 34. Qb2
Kg8 35. Rd2 Qe6 36. Rd7 R6f7 37. Rfd1 f4 38. gxf4 gxf4 39. Kh1 Qf6 40. Rg1+ Kh8
41. Qxf6+ Rxf6 42. Rgg7 Rg6 43. Rxh7+ Kg8 44. exf4 e3 45. Rhe7 Rxf4 46. h3 Rf8
47. Kh2 Rf2+ 48. Kh1 1/2-1/2

[Event "XIII Weekend Citta' di Firenze A"]
[Site "Firenze ITA"]
[Date "2005.12.03"]
[Round "1"]
[White "Sottani, Paolo"]
[Black "Campanella, Giovanni"]
[Result "1/2-1/2"]
[WhiteElo "2043"]
[BlackElo "1754"]
[PlyCount "61"]
[EventDate "2005.12.03"]

1. e4 e6 2. d4 d5 3. Nd2 c5 4. exd5 exd5 5. Ngf3 Nc6 6. Bb5 Qb6 7. Qe2+ Be7 8.
O-O a6 9. Ba4 Nf6 10. Re1 Qc7 11. dxc5 Ra7 12. Nd4 O-O 13. Bxc6 Bxc5 14. N2f3
bxc6 15. h3 Qb6 16. c3 Re7 17. Qd1 Rfe8 18. Rxe7 Rxe7 19. Bg5 Bxd4 20. cxd4 Re6
21. Bxf6 Rxf6 22. Qd2 Bxh3 23. gxh3 h6 24. Ne5 c5 25. Rc1 Qe6 26. Rxc5 Qxh3 27.
Qc3 Qh4 28. Qg3 Qxd4 29. Rc8+ Kh7 30. Qd3+ Rg6+ 31. Nxg6 1/2-1/2

[Event "XIII Weekend Citta' di Firenze A"]
[Site "Firenze ITA"]
[Date "2005.12.04"]
[Round "2"]
[White "Bighiu, Gheorghe"]
[Black "Mattei, Marco"]
[Result "1/2-1/2"]
[WhiteElo "2082"]
[BlackElo "2101"]
[PlyCount "49"]
[EventDate "2005.12.03"]

1. e3 c5 2. Nf3 g6 3. d4 cxd4 4. exd4 Bg7 5. Bd3 Nf6 6. c3 d6 7. O-O O-O 8. Re1
Qc7 9. Nbd2 Nc6 10. Ne4 Nxe4 11. Bxe4 e5 12. Bd5 h6 13. Be3 Kh7 14. dxe5 dxe5
15. Qa4 Ne7 16. Bb3 b6 17. Rad1 Nf5 18. Bd5 Nxe3 19. Rxe3 Rb8 20. Qh4 f6 21.
Qc4 Qxc4 22. Bxc4 Bg4 23. h3 Bxf3 24. gxf3 Rfd8 25. Red3 1/2-1/2

[Event "XIII Weekend Citta' di Firenze A"]
[Site "Firenze ITA"]
[Date "2005.12.04"]
[Round "2"]
[White "Bracali, Andrea"]
[Black "Sottani, Paolo"]
[Result "1-0"]
[WhiteElo "2111"]
[BlackElo "2043"]
[PlyCount "27"]
[EventDate "2005.12.03"]

1. Nf3 d5 2. d4 Nf6 3. Bf4 e6 4. e3 Be7 5. Nbd2 O-O 6. Bd3 Nbd7 7. Ne5 c5 8. c3
Nxe5 9. Bxe5 Nd7 10. Bf4 cxd4 11. exd4 Bf6 12. Nf3 a6 13. h4 Re8 14. Bxh7+ 1-0

[Event "XIII Weekend Citta' di Firenze A"]
[Site "Firenze ITA"]
[Date "2005.12.04"]
[Round "2"]
[White "Burgassi, Daniele"]
[Black "Burbi, Marco"]
[Result "1/2-1/2"]
[WhiteElo "1703"]
[BlackElo "1808"]
[PlyCount "82"]
[EventDate "2005.12.03"]

1. e4 e5 2. Nf3 Nc6 3. d4 exd4 4. Nxd4 Qf6 5. Nb5 Bc5 6. Qd2 Bb6 7. N1c3 Nge7
8. Qf4 Qxf4 9. Bxf4 d6 10. Bd3 a6 11. Na3 Bd4 12. Nc4 Be6 13. Ne3 O-O 14. O-O
Ng6 15. Bg3 Nge5 16. a3 Ne7 17. Ncd1 b5 18. Bxe5 dxe5 19. c3 Bb6 20. Be2 Rad8
21. c4 Rd2 22. Re1 c6 23. b4 Bd4 24. Rc1 Ra2 25. cxb5 axb5 26. Nc2 Rd8 27. Bf3
Bb3 28. Nde3 Bxe3 29. Nxe3 Rxa3 30. Nf5 Nxf5 31. exf5 Bd5 32. Bxd5 cxd5 33.
Rxe5 Kf8 34. g3 Rb3 35. Rd1 d4 36. Rxb5 d3 37. Kf1 Rb2 38. Re5 Rxb4 39. Re3
Rbd4 40. Rd2 f6 41. Kg2 Kf7 1/2-1/2

[Event "XIII Weekend Citta' di Firenze A"]
[Site "Firenze ITA"]
[Date "2005.12.04"]
[Round "2"]
[White "Campanella, Giovanni"]
[Black "Bini, Lorenzo"]
[Result "0-1"]
[WhiteElo "1754"]
[BlackElo "2016"]
[PlyCount "84"]
[EventDate "2005.12.03"]

1. e4 b6 2. c4 Bb7 3. Nc3 g6 4. d4 Bg7 5. f4 d6 6. Nf3 Nf6 7. Bd3 O-O 8. O-O e6
9. Kh1 Nbd7 10. Be3 c5 11. d5 exd5 12. cxd5 a6 13. a4 Re8 14. Bg1 c4 15. Bc2
Qc7 16. Qd2 Rad8 17. Rad1 Ba8 18. Bd4 Qb7 19. Qf2 b5 20. axb5 axb5 21. Ra1 b4
22. Ra7 Qb8 23. e5 bxc3 24. exf6 Nxf6 25. bxc3 Bxd5 26. f5 Ng4 27. Qh4 Bxd4 28.
fxg6 hxg6 29. Qxg4 Qxa7 30. Nxd4 Qe7 31. h4 Be4 32. Ba4 Rf8 33. h5 Ra8 34. hxg6
f5 35. Qh5 Rxa4 36. Ne6 Raa8 37. g7 Qxe6 38. Qh8+ Kf7 39. Qh7 Rg8 40. Qh5+ Qg6
41. Qxg6+ Kxg6 42. Rd1 d5 0-1

[Event "XIII Weekend Citta' di Firenze A"]
[Site "Firenze ITA"]
[Date "2005.12.04"]
[Round "2"]
[White "Novelli, Cristiano"]
[Black "Gazzarri, Alberto"]
[Result "0-1"]
[WhiteElo "2040"]
[BlackElo "2158"]
[PlyCount "48"]
[EventDate "2005.12.03"]

1. e4 e5 2. d4 exd4 3. f4 Bb4+ 4. c3 dxc3 5. Nxc3 Qh4+ 6. g3 Qe7 7. Bg2 Nf6 8.
Qd3 O-O 9. Nge2 d6 10. Be3 Na6 11. O-O Bc5 12. f5 c6 13. Rae1 Ng4 14. Bxc5 Nxc5
15. Qf3 Ne5 16. Qh5 Ned3 17. f6 Qe5 18. Qh4 Nxe1 19. fxg7 Re8 20. Nf4 Nxg2 21.
Kxg2 Nxe4 22. Nh5 Bf5 23. Rf3 Re6 24. Rxf5 Qxf5 0-1

[Event "XIII Weekend Citta' di Firenze A"]
[Site "Firenze ITA"]
[Date "2005.12.04"]
[Round "2"]
[White "Tocchioni, Doriano"]
[Black "Caporali, Roberto"]
[Result "1-0"]
[WhiteElo "2257"]
[BlackElo "1652"]
[PlyCount "67"]
[EventDate "2005.12.03"]

1. d4 f5 2. Bg5 h6 3. Bh4 d5 4. e4 g6 5. exf5 Bxf5 6. g4 Be6 7. Bd3 g5 8. Bg3
Bg7 9. Bg6+ Bf7 10. Qd3 Qd7 11. Bxf7+ Kxf7 12. Nf3 Nc6 13. Nc3 Qe6+ 14. Ne5+
Bxe5 15. dxe5 Nxe5 16. Qxd5 Nxg4+ 17. Qxe6+ Kxe6 18. O-O-O c6 19. Rhe1+ Kf7 20.
Rd7 b6 21. Rc7 c5 22. Nd5 Rh7 23. Nxe7 N4f6 24. a4 Nxe7 25. Rexe7+ Kg6 26. Rxh7
Nxh7 27. a5 g4 28. axb6 axb6 29. Rc6+ Kh5 30. Rxb6 Ng5 31. Bf4 Rf8 32. Be3 Rf5
33. Rc6 Re5 34. Rxc5 1-0

[Event "XIII Weekend Citta' di Firenze A"]
[Site "Firenze ITA"]
[Date "2005.12.04"]
[Round "3"]
[White "Bini, Alessandro"]
[Black "Garofalo, Simone"]
[Result "1/2-1/2"]
[WhiteElo "1826"]
[BlackElo "1808"]
[PlyCount "107"]
[EventDate "2005.12.03"]

1. d3 d5 2. Nf3 Nf6 3. Nbd2 e6 4. c3 Be7 5. e4 O-O 6. Be2 c5 7. O-O Nc6 8. Re1
Re8 9. e5 Nd7 10. d4 a5 11. Bd3 cxd4 12. cxd4 Qb6 13. Qb3 Nxd4 14. Nxd4 Qxd4
15. Nf3 Qb6 16. Qc2 Nf8 17. Be3 Qd8 18. a3 Bd7 19. Qe2 Ng6 20. Rac1 Rc8 21. Bb5
Bc6 22. Bd2 Qb6 23. a4 Bxb5 24. axb5 Qa7 25. Qd3 b6 26. g3 Rxc1 27. Rxc1 Bc5
28. h4 Qd7 29. h5 Nf8 30. h6 g6 31. Bg5 Rc8 32. Kg2 Bb4 33. Nd4 Rxc1 34. Bxc1
Bc5 35. Nc6 Qe8 36. Bg5 Nd7 37. Qf3 Bf8 38. Qf4 Nb8 39. Qc1 Bc5 40. Qf4 Nxc6
41. bxc6 Qxc6 42. Qf6 Bf8 43. Qd8 Qc5 44. Bf6 a4 45. g4 b5 46. g5 b4 47. Qa8 a3
48. bxa3 bxa3 49. Bg7 Qb4 50. Bf6 Qg4+ 51. Kf1 a2 52. Qxa2 Qc4+ 53. Qxc4 dxc4
54. Ke2 1/2-1/2

[Event "XIII Weekend Citta' di Firenze A"]
[Site "Firenze ITA"]
[Date "2005.12.04"]
[Round "3"]
[White "Bini, Lorenzo"]
[Black "Bracali, Andrea"]
[Result "1-0"]
[WhiteElo "2016"]
[BlackElo "2111"]
[PlyCount "61"]
[EventDate "2005.12.03"]

1. f4 e5 2. d3 exf4 3. Bxf4 d5 4. Nc3 Nf6 5. e3 Bb4 6. a3 Bc5 7. Be2 O-O 8. Nf3
Re8 9. d4 Bd6 10. Bg5 c6 11. Qd2 Nbd7 12. O-O Qc7 13. Bd3 Ne4 14. Bxe4 dxe4 15.
Nh4 Bxh2+ 16. Kh1 h6 17. Qf2 Nb6 18. Bf4 Bxf4 19. exf4 f5 20. Rae1 Be6 21. b3
Qe7 22. a4 Rad8 23. Ne2 Nd5 24. Ng6 Qf6 25. Ne5 Nb4 26. Nc1 Rd6 27. c3 Na6 28.
Re3 c5 29. Rg3 Qh4+ 30. Kg1 cxd4 31. Rxg7+ 1-0

[Event "XIII Weekend Citta' di Firenze A"]
[Site "Firenze ITA"]
[Date "2005.12.04"]
[Round "3"]
[White "Gazzarri, Alberto"]
[Black "Tocchioni, Doriano"]
[Result "1/2-1/2"]
[WhiteElo "2158"]
[BlackElo "2257"]
[PlyCount "22"]
[EventDate "2005.12.03"]

1. e4 c5 2. c3 d5 3. exd5 Qxd5 4. d4 Nc6 5. Nf3 Bg4 6. Be2 Nf6 7. Na3 e6 8. O-O
cxd4 9. Nb5 Rc8 10. Nbxd4 Be7 11. h3 Bh5 1/2-1/2

[Event "XIII Weekend Citta' di Firenze A"]
[Site "Firenze ITA"]
[Date "2005.12.04"]
[Round "3"]
[White "Mattei, Marco"]
[Black "Fusari, Paolo"]
[Result "1/2-1/2"]
[WhiteElo "2101"]
[BlackElo "1991"]
[PlyCount "70"]
[EventDate "2005.12.03"]

1. d4 Nf6 2. Nf3 c5 3. c4 cxd4 4. Nxd4 e5 5. Nb5 Nc6 6. N1c3 a6 7. Nd6+ Bxd6 8.
Qxd6 Qe7 9. Qxe7+ Nxe7 10. e4 h6 11. Be3 Nc6 12. f3 Rb8 13. Bb6 O-O 14. O-O-O
Re8 15. Kb1 Re6 16. c5 Ne8 17. Bc4 Rg6 18. Rhg1 d6 19. cxd6 Rxd6 20. Bd5 Be6
21. Rd2 Rc8 22. Rgd1 Ne7 23. Be3 Bxd5 24. Nxd5 Nxd5 25. Rxd5 Rcd8 26. Rxd6 Rxd6
27. Rxd6 Nxd6 28. Bc5 Nc8 29. Kc2 f6 30. Kc3 Kf7 31. Kc4 b6 32. Bb4 Ke6 33. a4
Nd6+ 34. Kc3 Kd7 35. b3 Kc6 1/2-1/2

[Event "XIII Weekend Citta' di Firenze A"]
[Site "Firenze ITA"]
[Date "2005.12.04"]
[Round "3"]
[White "Nones, Giorgio"]
[Black "Novelli, Cristiano"]
[Result "1/2-1/2"]
[WhiteElo "1790"]
[BlackElo "2040"]
[PlyCount "56"]
[EventDate "2005.12.03"]

1. e4 e5 2. Nf3 Nc6 3. Nc3 Nf6 4. d4 exd4 5. Nxd4 Bb4 6. Nxc6 bxc6 7. Qd4 Qe7
8. f3 Bc5 9. Qd3 a5 10. Be3 Ba6 11. Bxc5 Qxc5 12. Qd2 Bxf1 13. Rxf1 O-O 14.
O-O-O Rfb8 15. Qd4 Qb4 16. Na4 Qb5 17. b3 d6 18. c4 c5 19. Qd2 Qe8 20. Qg5 h6
21. Qf5 Nd7 22. Rf2 Ra6 23. Rb2 Nb6 24. Nxb6 Raxb6 25. g4 a4 26. Rd3 Rb4 27. g5
h5 28. Qd5 axb3 1/2-1/2

[Event "XIII Weekend Citta' di Firenze A"]
[Site "Firenze ITA"]
[Date "2005.12.10"]
[Round "4"]
[White "Bighiu, Gheorghe"]
[Black "Gazzarri, Alberto"]
[Result "0-1"]
[WhiteElo "2082"]
[BlackElo "2158"]
[PlyCount "87"]
[EventDate "2005.12.03"]

1. e3 d5 2. Nf3 Nf6 3. d3 Nc6 4. d4 Bg4 5. Be2 e6 6. b3 Bb4+ 7. c3 Bd6 8. O-O
O-O 9. Nbd2 Ne4 10. Nxe4 dxe4 11. Nd2 Bxe2 12. Qxe2 f5 13. Nc4 Be7 14. Ba3 a6
15. Bxe7 Qxe7 16. f4 exf3 17. gxf3 Rad8 18. f4 b5 19. Nd2 Nb8 20. a4 c6 21. b4
Nd7 22. axb5 axb5 23. Ra6 Rc8 24. Ra7 Ra8 25. Rfa1 Rxa7 26. Rxa7 Qd6 27. Ra6
Nf6 28. Qxb5 Qxf4 29. exf4 cxb5 30. Rxe6 Nd5 31. Nb1 Ra8 32. Re5 Nf6 33. Nd2
Ra1+ 34. Nf1 Ne4 35. Kg2 Ra2+ 36. Kh3 Nxc3 37. Rxf5 Rb2 38. Rc5 Ne2 39. d5 Rxb4
40. f5 Rf4 41. d6 Rd4 42. Rxb5 Rxd6 43. Ng3 Rh6+ 44. Kg2 0-1